[Event "Sligo Chess and Culture Festival Championship 2026"]
[Site "Enniscrone IRL"]
[Date "2026.01.31"]
[Round "3.1"]
[White "O'Flaherty, Paul"]
[Black "McClatchey, Rob"]
[Result "1-0"]
[WhiteElo "1707"]
[BlackElo "1731"]
[WhiteICU "1555"]
[WhiteClub "Galway"]
[WhiteNationality "IRL"]
[BlackNationality "ENG"]
[WhiteFideId "2502291"]
[BlackFideId "479217"]
[PlyCount "75"]
[ChessResultsKey "1241835"]
[EventSection "3/5"]
[Venue "Diamond Coast Hotel"]
[EventDate "2026.01.30"]

{ Event information: <a
href="https://www.irlchess.com/sligo-cship2026_allfiles/pairings_sligo-cship2026.html">Tournament
report</a>. }

1. e4 d6 2. d4 Nf6 3. Nc3 c6 4. f4 Bg4 5. Be2 Bxe2 6. Ngxe2 e6 7. O-O Be7
8. Kh1 d5 9. e5 Nfd7 10. f5 exf5 11. Rxf5 g6 12. Rf3 Bg5 13. Nf4 O-O 14.
Nce2 Re8 15. Qd3 Nf8 16. Bd2 Nbd7 17. Raf1 f6 18. exf6 Nxf6 19. Nxg6 Bxd2
20. Rxf6 Bh6 21. Nxf8 Rxf8 22. Qg3+ Kh8 23. Rxf8+ Bxf8 24. Rf7 Qe8 25. Qf3
Bg7 26. c3 Rd8 27. Rxb7 Qg6 28. Qf7 Rf8 29. Qxg6 Rf1+ 30. Ng1 hxg6 31. g3
Rf2 32. Nh3 Rc2 33. Nf4 g5 34. Ne6 Bf6 35. Rf7 Bg7 36. Nxg7 a5 37. Ne8 Rxb2
38. Nf6 1-0

[Event "Sligo Chess and Culture Festival Championship 2026"]
[Site "Enniscrone IRL"]
[Date "2026.01.31"]
[Round "3.2"]
[White "White, George"]
[Black "Aashay, R. Kher"]
[Result "1-0"]
[WhiteElo "1693"]
[BlackElo "1717"]
[WhiteICU "1801"]
[WhiteClub "Knights of Eanna"]
[WhiteNationality "IRL"]
[BlackNationality "IND"]
[WhiteFideId "2520354"]
[BlackFideId "25933337"]
[PlyCount "83"]
[ChessResultsKey "1241835"]
[EventSection "3/5"]
[Venue "Diamond Coast Hotel"]
[EventDate "2026.01.30"]

{ Event information: <a
href="https://www.irlchess.com/sligo-cship2026_allfiles/pairings_sligo-cship2026.html">Tournament
report</a>. }

1. e4 d5 2. exd5 Nf6 3. d4 Nxd5 4. Nf3 Bg4 5. Be2 e6 6. O-O Nd7 7. h3 Bf5
8. a3 Be7 9. c4 N5f6 10. Nc3 c6 11. Bf4 O-O 12. Nh4 Nh5 13. Nxf5 Nxf4 14.
Nxe7+ Qxe7 15. Bf3 Rad8 16. Qd2 Qg5 17. Rfd1 Nxh3+ 18. Kf1 Qxd2 19. Rxd2
Nf4 20. Rad1 Nf6 21. g3 Ng6 22. d5 cxd5 23. cxd5 Ne5 24. Bg2 exd5 25. Nxd5
Nxd5 26. Rxd5 Nc6 27. Rd7 Rxd7 28. Rxd7 Ne5 29. Rxb7 g6 30. Rxa7 Rd8 31. b4
Kg7 32. b5 Rd2 33. b6 Rb2 34. b7 Nd7 35. Ra8 Rb6 36. Rd8 Rb1+ 37. Ke2 Rb2+
38. Kd1 Rxf2 39. Rxd7 Rb2 40. Rd8 Rxg2 41. b8=Q Rg1+ 42. Ke2 1-0

[Event "Sligo Chess and Culture Festival Championship 2026"]
[Site "Enniscrone IRL"]
[Date "2026.01.31"]
[Round "3.3"]
[White "Ranade, Akshay"]
[Black "Schwab, Lysander"]
[Result "0-1"]
[WhiteElo "1716"]
[BlackElo "1687"]
[WhiteICU "1800"]
[WhiteClub "Cork"]
[WhiteNationality "IRL"]
[BlackNationality "GER"]
[WhiteFideId "2515270"]
[BlackFideId "34618619"]
[PlyCount "112"]
[ChessResultsKey "1241835"]
[EventSection "3/5"]
[Venue "Diamond Coast Hotel"]
[EventDate "2026.01.30"]

{ Event information: <a
href="https://www.irlchess.com/sligo-cship2026_allfiles/pairings_sligo-cship2026.html">Tournament
report</a>. }

1. c4 e5 2. g3 Nf6 3. Bg2 Nc6 4. Nc3 Bc5 5. e3 d6 6. Nge2 O-O 7. d4 exd4 8.
exd4 Bb6 9. O-O Bg4 10. h3 Bh5 11. Be3 Re8 12. Qa4 Qd7 13. Nf4 a6 14. Ncd5
Bg6 15. c5 Nxd5 16. Bxd5 Ba7 17. b4 Be4 18. Kh2 Bxd5 19. Nxd5 dxc5 20. Qb3
Nxd4 21. Bxd4 cxd4 22. Rac1 c6 23. Nf4 Rac8 24. Nd3 h6 25. a3 Re7 26. Rfd1
Qe6 27. Qxe6 Rxe6 28. Kg2 b6 29. Nf4 Rd6 30. Rd3 c5 31. Ne2 Re8 32. bxc5
bxc5 33. Nf4 Rc8 34. Rb3 Rd7 35. Rc4 Kf8 36. Nd3 Ke7 37. Ne5 Rdc7 38. Rf3
Ke6 39. Nd3 Rd8 40. g4 g6 41. Kf1 Kd5 42. Ra4 Ke4 43. Ke2 c4 44. Rf4+ Kd5
45. Nb4+ Ke5 46. Rf3 d3+ 47. Kd1 Rd6 48. Nxa6 Rb7 49. Nb4 Bc5 50. Ra5 Ke4
51. Rg3 Bxb4 52. Re3+ Kd4 53. axb4 Rxb4 54. Rae5 Kc3 55. Kc1 Ra6 56. f4
Ra1# 0-1

[Event "Sligo Chess and Culture Festival Championship 2026"]
[Site "Enniscrone IRL"]
[Date "2026.01.31"]
[Round "3.4"]
[White "O'Hanlon, Joe"]
[Black "O'Connell, Denis"]
[Result "1/2-1/2"]
[WhiteElo "1692"]
[BlackElo "1715"]
[WhiteICU "1732"]
[BlackICU "1796"]
[WhiteClub "Dundalk"]
[BlackClub "Cork"]
[WhiteNationality "IRL"]
[BlackNationality "IRL"]
[WhiteFideId "2512157"]
[BlackFideId "2505860"]
[PlyCount "26"]
[ChessResultsKey "1241835"]
[EventSection "3/5"]
[Venue "Diamond Coast Hotel"]
[EventDate "2026.01.30"]

{ Event information: <a
href="https://www.irlchess.com/sligo-cship2026_allfiles/pairings_sligo-cship2026.html">Tournament
report</a>. }

1. d4 d5 2. Nf3 e6 3. Bf4 Bd6 4. e3 Nf6 5. Ne5 O-O 6. Nd2 b6 7. Bd3 Ba6 8.
Bxa6 Nxa6 9. c3 c5 10. Qe2 Nb8 11. h4 Qc7 12. Ndf3 Nc6 13. g3 Qd8 1/2-1/2

[Event "Sligo Chess and Culture Festival Championship 2026"]
[Site "Enniscrone IRL"]
[Date "2026.01.31"]
[Round "3.5"]
[White "Mariya Boby, Angel"]
[Black "Foran, Barry"]
[Result "1-0"]
[WhiteElo "1665"]
[BlackElo "1711"]
[WhiteICU "1730"]
[BlackICU "1708"]
[BlackClub "Cork"]
[WhiteNationality "IRL"]
[BlackNationality "IRL"]
[WhiteFideId "2535564"]
[BlackFideId "2508230"]
[PlyCount "43"]
[ChessResultsKey "1241835"]
[EventSection "3/5"]
[Venue "Diamond Coast Hotel"]
[EventDate "2026.01.30"]

{ Event information: <a
href="https://www.irlchess.com/sligo-cship2026_allfiles/pairings_sligo-cship2026.html">Tournament
report</a>. }

1. e4 c6 2. d4 d5 3. exd5 cxd5 4. Bd3 Nc6 5. c3 e5 6. dxe5 Nxe5 7. Qe2 Qe7
8. Bb5+ Bd7 9. Bxd7+ Kxd7 10. Qb5+ Kc8 11. Be3 Nf6 12. Nd2 a6 13. Qe2 Qc7
14. O-O-O Bd6 15. h3 Re8 16. Ngf3 b5 17. Nxe5 Bxe5 18. Kb1 Kb7 19. Nb3 Bd6
20. Qd3 Rad8 21. Rhe1 Qc4 22. Na5+ 1-0

[Event "Sligo Chess and Culture Festival Championship 2026"]
[Site "Enniscrone IRL"]
[Date "2026.01.31"]
[Round "3.6"]
[White "Biswal, Saiansh"]
[Black "Bermingham, Adam D."]
[Result "1-0"]
[WhiteElo "1698"]
[BlackElo "1653"]
[BlackICU "1661"]
[BlackClub "Knights of Eanna"]
[WhiteNationality "IRL"]
[BlackNationality "IRL"]
[WhiteFideId "2518155"]
[BlackFideId "2527197"]
[PlyCount "131"]
[ChessResultsKey "1241835"]
[EventSection "3/5"]
[Venue "Diamond Coast Hotel"]
[EventDate "2026.01.30"]

{ Event information: <a
href="https://www.irlchess.com/sligo-cship2026_allfiles/pairings_sligo-cship2026.html">Tournament
report</a>. }

1. e4 e5 2. Nf3 Nc6 3. Bc4 Bc5 4. c3 Nf6 5. d4 exd4 6. b4 Be7 7. b5 Na5 8.
Bd3 d5 9. e5 Ne4 10. cxd4 Bb4+ 11. Bd2 Nxd2 12. Nbxd2 h6 13. O-O O-O 14.
Qa4 c5 15. bxc6 Nxc6 16. Rac1 Qa5 17. Qxa5 Bxa5 18. Nb3 Bb6 19. Bb5 Bd7 20.
Nc5 Bxc5 21. Rxc5 a6 22. Rxd5 Be6 23. Bxc6 bxc6 24. Ra5 Bc4 25. Rd1 Rfb8
26. h3 Rb2 27. Rd2 Rb1+ 28. Kh2 Bd5 29. Kg3 Rb5 30. Ra3 a5 31. Rc3 a4 32.
Ne1 Rb4 33. f3 Rab8 34. Kf2 Rb2 35. Rcc2 R2b4 36. Ke3 g5 37. Nd3 R4b6 38.
Nc5 Ra8 39. Nd7 Rb5 40. Nf6+ Kf8 41. Nxd5 cxd5 42. Rc5 Raa5 43. Rdc2 a3 44.
Kd3 Kg7 45. g4 Kf8 46. Rxb5 Rxb5 47. Rc3 Rb2 48. Rxa3 Rh2 49. Ra5 Rxh3 50.
Ke3 Rh2 51. Rxd5 Rxa2 52. Rc5 Ra6 53. Rc3 Ke7 54. Ke4 Rb6 55. Rd3 f6 56. d5
fxe5 57. Kxe5 Rb1 58. Kf5 Kf7 59. d6 Rb5+ 60. Ke4 Ke8 61. Rd2 Kd7 62. Rd1
Ra5 63. Rd5 Ra8 64. Kf5 Rg8 65. Rd3 Rf8+ 66. Ke4 1-0

[Event "Sligo Chess and Culture Festival Championship 2026"]
[Site "Enniscrone IRL"]
[Date "2026.01.31"]
[Round "3.7"]
[White "Fitzsimons, Pat"]
[Black "Moore, Samuel"]
[Result "0-1"]
[WhiteElo "1674"]
[BlackElo "1695"]
[WhiteICU "1660"]
[BlackICU "1806"]
[WhiteClub "Elm Mount"]
[BlackClub "N.I.C.S."]
[WhiteNationality "IRL"]
[BlackNationality "IRL"]
[WhiteFideId "2502526"]
[BlackFideId "2507110"]
[PlyCount "78"]
[ChessResultsKey "1241835"]
[EventSection "3/5"]
[Venue "Diamond Coast Hotel"]
[EventDate "2026.01.30"]

{ Event information: <a
href="https://www.irlchess.com/sligo-cship2026_allfiles/pairings_sligo-cship2026.html">Tournament
report</a>. }

1. d4 Nf6 2. c4 e6 3. Nc3 Bb4 4. Qc2 c5 5. e3 d5 6. Nf3 Nc6 7. a3 Bxc3+ 8.
bxc3 O-O 9. cxd5 exd5 10. Be2 cxd4 11. cxd4 Bg4 12. O-O Rc8 13. Qd3 Re8 14.
Bb2 Bh5 15. Rfc1 Bg6 16. Qd1 Ne4 17. Nd2 Qe7 18. Nxe4 Bxe4 19. Bf3 h6 20.
Bxe4 Qxe4 21. Rc5 Ne7 22. Rac1 Rxc5 23. Rxc5 Rc8 24. Rxc8+ Nxc8 25. h3 Nd6
26. Kh2 Nc4 27. Qa1 Qc2 28. Bc1 Qxf2 29. Qc3 b5 30. Qb3 a6 31. a4 Qe1 32.
axb5 axb5 33. Qxb5 Qxc1 34. Qe8+ Kh7 35. Qc6 Qxe3 36. Qxd5 Qf4+ 37. Kg1 Ne3
38. Qb7 Qxd4 39. Qxf7 Ng4+ 0-1

[Event "Sligo Chess and Culture Festival Championship 2026"]
[Site "Enniscrone IRL"]
[Date "2026.01.31"]
[Round "3.8"]
[White "O'Neill, Matthew"]
[Black "Foenander, Phillip"]
[Result "1-0"]
[WhiteElo "1744"]
[BlackElo "1690"]
[WhiteICU "1798"]
[BlackICU "1692"]
[WhiteClub "Cork"]
[BlackClub "Limerick"]
[WhiteNationality "IRL"]
[BlackNationality "IRL"]
[WhiteFideId "2528533"]
[BlackFideId "2505444"]
[PlyCount "73"]
[ChessResultsKey "1241835"]
[EventSection "3/5"]
[Venue "Diamond Coast Hotel"]
[EventDate "2026.01.30"]

{ Event information: <a
href="https://www.irlchess.com/sligo-cship2026_allfiles/pairings_sligo-cship2026.html">Tournament
report</a>. }

1. e4 e5 2. Nf3 Nc6 3. d4 exd4 4. Nxd4 Bc5 5. Nb3 Bb6 6. Nc3 d6 7. a4 a6 8.
Bd3 Ne5 9. Bf4 Nf6 10. h3 Be6 11. Qe2 O-O 12. O-O-O Nxd3+ 13. Rxd3 Bc4 14.
Rhd1 Bxd3 15. Rxd3 Qe7 16. Rg3 Kh8 17. e5 dxe5 18. Bxe5 Bxf2 19. Nd5 Qe6
20. Rxg7 Bh4 21. Rg4 Rae8 22. Rxh4 Qxe5 23. Qxe5 Rxe5 24. Nxf6 Kg7 25. Nd7
Re1+ 26. Kd2 Rfe8 27. Rg4+ Kh8 28. Nf6 R1e2+ 29. Kc3 R2e3+ 30. Kb4 a5+ 31.
Nxa5 c5+ 32. Kb5 Rc8 33. Nc4 Re6 34. Ne4 b6 35. Ng5 Rf6 36. Ne5 Ra8 37.
Ngxf7+ 1-0

[Event "Sligo Chess and Culture Festival Championship 2026"]
[Site "Enniscrone IRL"]
[Date "2026.01.31"]
[Round "3.9"]
[White "Reynolds, Paul"]
[Black "Crowe, John"]
[Result "0-1"]
[WhiteElo "1744"]
[BlackElo "1670"]
[BlackICU "1686"]
[BlackClub "Lucan"]
[WhiteNationality "IRL"]
[BlackNationality "IRL"]
[WhiteFideId "2537486"]
[BlackFideId "2529513"]
[PlyCount "92"]
[ChessResultsKey "1241835"]
[EventSection "3/5"]
[Venue "Diamond Coast Hotel"]
[EventDate "2026.01.30"]

{ Event information: <a
href="https://www.irlchess.com/sligo-cship2026_allfiles/pairings_sligo-cship2026.html">Tournament
report</a>. }

1. e4 c5 2. c3 e6 3. d4 cxd4 4. cxd4 Bb4+ 5. Nc3 d5 6. e5 Nc6 7. a3 Ba5 8.
b4 Bb6 9. Nf3 a6 10. b5 axb5 11. Nxb5 Bc7 12. Bd2 Nge7 13. Nxc7+ Qxc7 14.
Bd3 Nf5 15. Bxf5 exf5 16. Qb3 Be6 17. O-O O-O 18. Rac1 Qe7 19. Rc3 Na5 20.
Qc2 Nc4 21. Bg5 Qd7 22. Nd2 Rfc8 23. f4 Nxa3 24. Qd3 Rxc3 25. Qxc3 Nc4 26.
Nxc4 dxc4 27. h4 Ra2 28. Qg3 Qxd4+ 29. Kh2 Bd5 30. Rg1 c3 31. Bf6 g6 32.
Qg5 Qxg1+ 33. Kxg1 Rxg2+ 34. Qxg2 Bxg2 35. e6 c2 36. Bb2 Bc6 37. e7 f6 38.
Kf2 Kf7 39. Ba3 b5 40. Ke3 h6 41. Kd2 Be4 42. Bc5 g5 43. Be3 gxh4 44. Bg1
b4 45. Bh2 Kxe7 46. Kc1 Kd6 0-1

[Event "Sligo Chess and Culture Festival Championship 2026"]
[Site "Enniscrone IRL"]
[Date "2026.01.31"]
[Round "3.10"]
[White "Grant, Cian"]
[Black "Wieczorek, Jarek"]
[Result "0-1"]
[WhiteElo "1686"]
[BlackElo "1744"]
[WhiteICU "1715"]
[BlackICU "1755"]
[BlackClub "Galway"]
[WhiteNationality "IRL"]
[BlackNationality "IRL"]
[WhiteFideId "2516837"]
[BlackFideId "2528223"]
[PlyCount "140"]
[ChessResultsKey "1241835"]
[EventSection "3/5"]
[Venue "Diamond Coast Hotel"]
[EventDate "2026.01.30"]

{ Event information: <a
href="https://www.irlchess.com/sligo-cship2026_allfiles/pairings_sligo-cship2026.html">Tournament
report</a>. }

1. d4 g6 2. c4 Nf6 3. Nc3 Bg7 4. e4 d6 5. Be2 Nc6 6. Be3 e5 7. d5 Ne7 8. g4
h6 9. h4 Qd7 10. f3 a6 11. Nh3 b6 12. Qd2 Bb7 13. O-O-O O-O-O 14. Nf2 Ne8
15. Qc2 f5 16. Nd3 Nf6 17. Rhg1 fxg4 18. fxg4 Rdf8 19. g5 hxg5 20. hxg5 Nh5
21. Bg4 Nf5 22. exf5 gxf5 23. Bxh5 Rxh5 24. Qe2 Rfh8 25. Bd2 Kb8 26. Rdf1
Bc8 27. Nb4 f4 28. Qd1 Qf5 29. Qc2 Qh3 30. Qa4 a5 31. Nc6+ Kb7 32. b4 Bd7
33. bxa5 Ra8 34. Qd1 Rhh8 35. Rh1 Qd3 36. Rxh8 Rxh8 37. a6+ Ka8 38. Qe2 Qg3
39. Nb5 Bxc6 40. dxc6 Rh2 41. Qe1 Qd3 42. Rf2 Qxc4+ 43. Nc3 Rh3 44. Kd1
Qxc6 45. Ne4 Qa4+ 46. Kc1 Qxa2 47. Qf1 Qa3+ 48. Kd1 d5 49. Nc3 Qb3+ 50. Ke2
Qc4+ 51. Ke1 Qxf1+ 52. Rxf1 c6 53. Ke2 Ka7 54. Rg1 e4 55. Nxe4 dxe4 56.
Bxf4 Kxa6 57. Rb1 Bd4 58. Bc7 Re3+ 59. Kf1 Rh3 60. Kg2 Rh4 61. Kg3 Rh7 62.
Bf4 Re7 63. Re1 b5 64. Be3 Bc3 65. Rc1 b4 66. Bc5 Rf7 67. Rc2 Kb5 68. Bf2
Kc4 69. Re2 Rf3+ 70. Kg4 Kd3 0-1

[Event "Sligo Chess and Culture Festival Championship 2026"]
[Site "Enniscrone IRL"]
[Date "2026.01.31"]
[Round "3.12"]
[White "Keane, Colm"]
[Black "Nolan, Cal"]
[Result "0-1"]
[WhiteElo "1738"]
[BlackElo "1680"]
[WhiteICU "1684"]
[BlackICU "1684"]
[WhiteClub "Limerick"]
[BlackClub "St. Benildus"]
[WhiteNationality "IRL"]
[BlackNationality "IRL"]
[WhiteFideId "2531259"]
[BlackFideId "2512980"]
[PlyCount "86"]
[ChessResultsKey "1241835"]
[EventSection "3/5"]
[Venue "Diamond Coast Hotel"]
[EventDate "2026.01.30"]

{ Event information: <a
href="https://www.irlchess.com/sligo-cship2026_allfiles/pairings_sligo-cship2026.html">Tournament
report</a>. }

1. e4 Nf6 2. e5 Nd5 3. Nc3 Nxc3 4. dxc3 Nc6 5. f4 d6 6. exd6 cxd6 7. Nf3 g6
8. Bd3 Bg7 9. Be3 e5 10. fxe5 dxe5 11. Bc5 Qd5 12. Ba3 Be6 13. Qe2 a6 14.
Be4 Qc4 15. Bd3 Qd5 16. c4 Qa5+ 17. Kf2 O-O-O 18. Be4 Nd4 19. Qe3 f5 20.
Bd5 Bxd5 21. cxd5 Nxf3 22. gxf3 Qxd5 23. Rhd1 Qc6 24. Qa7 Bf6 25. Bc5 Kc7
26. Rd3 Bh4+ 27. Kg2 Ra8 28. Rc3 Rxa7 29. Bxa7 b6 30. Rd1 Qxc3 31. bxc3 Ra8
32. Bxb6+ Kxb6 33. Rd6+ Kc5 34. Re6 Kd5 35. Rb6 Rc8 36. Rxa6 Rxc3 37. a4
Rxc2+ 38. Kh3 Bg5 39. Ra5+ Kd4 40. Rb5 Kc4 41. Rb7 Ra2 42. Rc7+ Kd4 43.
Rxh7 Bf4 0-1

[Event "Sligo Chess and Culture Festival Championship 2026"]
[Site "Enniscrone IRL"]
[Date "2026.01.31"]
[Round "3.13"]
[White "Bun, Oleh"]
[Black "Thomas, Kevin"]
[Result "0-1"]
[WhiteElo "1655"]
[BlackElo "1737"]
[WhiteNationality "UKR"]
[BlackNationality "WLS"]
[WhiteFideId "34161910"]
[BlackFideId "1800647"]
[PlyCount "102"]
[ChessResultsKey "1241835"]
[EventSection "3/5"]
[Venue "Diamond Coast Hotel"]
[EventDate "2026.01.30"]

{ Event information: <a
href="https://www.irlchess.com/sligo-cship2026_allfiles/pairings_sligo-cship2026.html">Tournament
report</a>. }

1. b4 Nf6 2. Bb2 d5 3. f4 g6 4. Nf3 Bg7 5. e3 O-O 6. Be2 c6 7. O-O Bg4 8.
a4 Nbd7 9. Na3 Qb6 10. c3 Bxf3 11. Rxf3 e5 12. a5 Qc7 13. f5 e4 14. Rg3 Ne5
15. Rc1 Rad8 16. c4 dxc4 17. Nxc4 Nd3 18. Bxd3 Rxd3 19. fxg6 hxg6 20. Rh3
Rfd8 21. Qe1 R8d5 22. Qf2 Rf5 23. Qe2 Qe7 24. Bc3 Nd5 25. Qe1 Nxc3 26. dxc3
Qf6 27. Nd2 Qe6 28. Nb1 Rfd5 29. c4 Rd8 30. Qe2 Qd7 31. Kf2 Rb3 32. Qc2 Rb2
33. Qxb2 Bxb2 34. Rc2 Bg7 35. Nd2 Qd3 36. Ra2 Bc3 37. Nf1 Bxb4 38. Rg3 Be1+
39. Kxe1 Qb1+ 40. Kf2 Qxa2+ 41. Ke1 Qxc4 42. h4 Qb4+ 43. Ke2 Qxa5 44. Rg5
Rd5 45. Rg4 Qa2+ 46. Ke1 Rb5 47. Nd2 Rb2 48. h5 Rxd2 49. hxg6 f5 50. Rf4
Rb2 51. g4 Rb1# 0-1

[Event "Sligo Chess and Culture Festival Championship 2026"]
[Site "Enniscrone IRL"]
[Date "2026.01.31"]
[Round "3.14"]
[White "Marshall, Roy"]
[Black "McDonnell, Joe"]
[Result "1-0"]
[WhiteElo "1733"]
[BlackElo "1601"]
[WhiteICU "1763"]
[BlackICU "1712"]
[WhiteClub "Ennis"]
[BlackClub "Castlebar"]
[WhiteNationality "IRL"]
[BlackNationality "IRL"]
[WhiteFideId "2519178"]
[BlackFideId "2507277"]
[PlyCount "77"]
[ChessResultsKey "1241835"]
[EventSection "3/5"]
[Venue "Diamond Coast Hotel"]
[EventDate "2026.01.30"]

{ Event information: <a
href="https://www.irlchess.com/sligo-cship2026_allfiles/pairings_sligo-cship2026.html">Tournament
report</a>. }

1. c4 Nf6 2. g3 g6 3. Bg2 Bg7 4. Nc3 O-O 5. e4 d6 6. Nge2 e5 7. O-O Nc6 8.
d3 Bg4 9. h3 Be6 10. Nd5 Qd7 11. Kh2 a5 12. Bg5 Ne8 13. Qd2 f5 14. f4 h6
15. Bh4 exf4 16. gxf4 Nd4 17. Nxd4 Bxd4 18. Rf3 c6 19. Ne7+ Kh7 20. exf5
gxf5 21. Rg3 Nf6 22. Ng6 Rg8 23. Ne5 dxe5 24. Bxf6 Rxg3 25. Kxg3 exf4+ 26.
Qxf4 Bxf6 27. Kh2 Qd4 28. Qc7+ Qd7 29. Qf4 Qg7 30. Re1 Re8 31. Kh1 Qd7 32.
b3 Bf7 33. Rd1 Qd4 34. Qxf5+ Bg6 35. Qxa5 Bh4 36. a4 Bh5 37. Qxh5 Re5 38.
Be4+ Kg7 39. Qxh4 1-0

[Event "Sligo Chess and Culture Festival Championship 2026"]
[Site "Enniscrone IRL"]
[Date "2026.01.31"]
[Round "3.15"]
[White "Chan, Karina"]
[Black "Armstrong, Fred"]
[Result "0-1"]
[WhiteElo "1642"]
[BlackElo "1740"]
[WhiteICU "1611"]
[BlackICU "1733"]
[BlackClub "Elm Mount"]
[WhiteNationality "ENG"]
[BlackNationality "IRL"]
[WhiteFideId "426903"]
[BlackFideId "2502089"]
[PlyCount "101"]
[ChessResultsKey "1241835"]
[EventSection "3/5"]
[Venue "Diamond Coast Hotel"]
[EventDate "2026.01.30"]

{ Event information: <a
href="https://www.irlchess.com/sligo-cship2026_allfiles/pairings_sligo-cship2026.html">Tournament
report</a>. }

1. d4 e6 2. c4 f5 3. Nc3 Nf6 4. a3 Be7 5. Nf3 O-O 6. g3 d6 7. Bg2 Qe8 8.
Qc2 Bd8 9. Bg5 e5 10. dxe5 dxe5 11. e3 c6 12. Rd1 h6 13. Bxf6 Bxf6 14. O-O
g5 15. Rfe1 g4 16. Nd2 e4 17. Ne2 Nd7 18. Nf4 Ne5 19. b4 Be6 20. c5 Rd8 21.
Nb3 Qf7 22. Rxd8 Rxd8 23. Nd4 Bc8 24. Rd1 Qc4 25. Qe2 Qxe2 26. Nfxe2 Nf3+
27. Bxf3 gxf3 28. Nc3 a6 29. a4 Kf7 30. Kf1 h5 31. h4 Be5 32. Ke1 Kf6 33.
Nb1 Be6 34. Nxe6 Rxd1+ 35. Kxd1 Kxe6 36. Kc2 Kd5 37. Kb3 Ke6 38. Nd2 Bc7
39. a5 Kd5 40. Nb1 Be5 41. Nc3+ Ke6 42. Nb1 Bf6 43. Nd2 Kd5 44. Nb1 f4 45.
Nd2 fxg3 46. fxg3 Ke5 47. Kc2 Kf5 48. Nf1 Kg4 49. Nd2 f2 50. Nf1 Be5 51.
Kd2 0-1

[Event "Sligo Chess and Culture Festival Championship 2026"]
[Site "Enniscrone IRL"]
[Date "2026.01.31"]
[Round "3.17"]
[White "Duffy, James"]
[Black "Sloan, Cecil"]
[Result "1/2-1/2"]
[WhiteElo "1670"]
[BlackElo "1615"]
[WhiteICU "1600"]
[BlackICU "1801"]
[WhiteNationality "IRL"]
[BlackNationality "USA"]
[WhiteFideId "2529009"]
[BlackFideId "2036738"]
[PlyCount "53"]
[ChessResultsKey "1241835"]
[EventSection "3/5"]
[Venue "Diamond Coast Hotel"]
[EventDate "2026.01.30"]

{ Event information: <a
href="https://www.irlchess.com/sligo-cship2026_allfiles/pairings_sligo-cship2026.html">Tournament
report</a>. }

1. d4 Nf6 2. Nf3 e6 3. e3 d5 4. b3 b6 5. a3 Bb7 6. Bb2 Be7 7. Bd3 O-O 8.
O-O c5 9. Nbd2 Nc6 10. Ne5 cxd4 11. exd4 Qc7 12. Re1 Nd7 13. Re3 g6 14. Qg4
Nf6 15. Qe2 Nd7 16. f4 Bf6 17. Rf1 Bg7 18. Ndf3 Ndxe5 19. Nxe5 Nxe5 20.
fxe5 Qe7 21. Bc1 Bh6 22. Rh3 Bxc1 23. Rxc1 f5 24. exf6 Rxf6 25. Qe5 Raf8
26. b4 Bc6 27. Re1 1/2-1/2

[Event "Sligo Chess and Culture Festival Championship 2026"]
[Site "Enniscrone IRL"]
[Date "2026.01.31"]
[Round "3.20"]
[White "McInerney, Kevin"]
[Black "Stacey, Derek"]
[Result "1-0"]
[WhiteElo "1626"]
[BlackElo "1609"]
[WhiteICU "1722"]
[BlackICU "1470"]
[WhiteClub "Ennis"]
[BlackClub "Curragh"]
[WhiteNationality "IRL"]
[BlackNationality "IRL"]
[WhiteFideId "2524350"]
[BlackFideId "2505266"]
[PlyCount "57"]
[ChessResultsKey "1241835"]
[EventSection "3/5"]
[Venue "Diamond Coast Hotel"]
[EventDate "2026.01.30"]

{ Event information: <a
href="https://www.irlchess.com/sligo-cship2026_allfiles/pairings_sligo-cship2026.html">Tournament
report</a>. }

1. e4 e6 2. d4 d5 3. e5 c5 4. c3 Nc6 5. Nf3 Bd7 6. Bd3 cxd4 7. cxd4 Be7 8.
O-O f6 9. exf6 Nxf6 10. Nc3 a6 11. Re1 O-O 12. Bc2 b5 13. a3 Bd6 14. Bg5
Qc7 15. Qd3 g6 16. Bh6 Rf7 17. h3 Bf4 18. Ng5 Bxg5 19. Bxg5 Kg7 20. Ne2 Ne4
21. Be3 Raf8 22. f3 Ng3 23. Nxg3 Qxg3 24. Rf1 Rf5 25. Bf2 Qf4 26. Qe3 Nxd4
27. Qxd4+ Qxd4 28. Bxd4+ e5 29. Bxf5 1-0